| 000 | 00601nam a22001937a 4500 | ||
|---|---|---|---|
| 003 | OSt | ||
| 005 | 20151016140002.0 | ||
| 008 | 130530s2004 sp ||||| |||| 00| 0 spa d | ||
| 020 | _a8488788592 | ||
| 040 | _cCDMR | ||
| 100 | 1 |
_93602 _aVentero Velasco, Manuel |
|
| 245 | 1 |
_aEl sonido de la Constitución _b: 25 años de historia _cManuel Ventero Velasco |
|
| 260 |
_aMadrid _bInstituto Oficial de Radio y Televisión _c2004 |
||
| 300 | _a574 p. | ||
| 650 | 0 | 4 |
_91720 _aRadiodifusió _zEspanya |
| 650 | 0 | 4 |
_9458 _aPolítica _vReculls d'escrits |
| 710 | 2 |
_93198 _aRadio Nacional de España |
|
| 942 |
_2udc _cMON |
||
| 999 |
_c6367 _d6367 |
||